| 000 | 00462nab a22001097u 4500 | ||
|---|---|---|---|
| 008 | 130520b2004 xxu||||| |||| 00| 0 spa d | ||
| 041 | _aspa | ||
| 100 | 1 |
_aGuth, Hans-Jürgen _972844 |
|
| 245 | 0 | 0 |
_aEl abuso sexual como delito en el derecho canónico. Informe para una aplicación coherente de las normas jurídicas actualmente vigentes en la Iglesia católica _cHans-Jürgen Guth |
| 773 | 0 |
_tConcilium _gnº306,2004,págs. 125-138 _x0210-1041 _wRev134 |
|
| 942 | _cAR | ||
| 999 |
_c370065 _d370065 |
||